000 00719cab a2200217 4500
001 ABS38030
008 090401t1987 xxu||||| |||| 00| 0 eng d
035 _a(Sirsi) u8220
041 _aeng
100 _aButtfield, A.
245 _aCathodic protection - arresting active corrosion
260 _c1987
350 _a0
490 _aCivil Engineering
_vAugust 1987, 39-41(2)
520 _aDiscusses the use of cathodic protection systems to stop corrosion in concrete , looking at a number of trials on tunnels and bridges currently being conducted in the UK.
650 _aBUILDING FAILURES
650 _aCHLORIDE ATTACK
690 _aBUILT ENVIRONMENT-BUILDING PATHOLOGY
942 _n0
948 _c04/03/1997
999 _c5027
_d5027